Sculptures célèbres par images - Statistiques

Statistiques générales
  • Ce quiz a été pris 13 845 fois
  • Le résultat moyen est 9 sur 16
Statistiques - réponses
Par images Hint Réponse % Correct
Auguste Bartholdi (1886) Statue de la Liberté
98%
Auguste Rodin (1880) Le Penseur
88%
(Égypte, -2550) Sphinx de Gizeh
82%
(Grèce, -150) Vénus de Milo
76%
Heitor Costa (1931) Christ Rédempteur
69%
Gutzon Borglum (1941) Mont Rushmore
67%
César Baldaccini (1977) Statuette des Césars
59%
Daniel C. French (1920) Abraham Lincoln
58%
Jérôme Duquesnoy (1620) Manneken-Pis
54%
Edvard Eriksen (1913) La Petite Sirène
50%
André Waterkeyn (1958) Atomium
48%
Michel-Ange (1504) David
46%
(Île de Pâques, 1250-1500) Moaï
30%
(Chine, -210) Armée de terre cuite
25%
Myron (-450) Discobole
23%
Niki de Saint Phalle (1974) Nanas
10%
Aucun quiz correspondant
Distribution des résultats
% des personnes avec chaque résultat
Percentile par nombre de réponses
Votre historique - résultats
Vous n’avez pas pris ce quiz